LDR 01107naa#a2200205#i#450# 001 EN\\bibl\117133 005 20260417090843.5 011 ## _a2782-5957 100 ## _a20260330b2026####ek#y0engy0150####ca 102 ## _aRU 200 1# _aTHE ISSUE OF STUDYING THE RELIABILITY OF PRECESSION MATERIALS FOR INDUSTRIAL MEASURING EQUIPMENT _eJournal article 210 1# _aBryansk _cBryansk State Technical University _d2026 215 ## _a12 с. 608 ## _aJournal article _2local 675 ## _aИспытания для определения способности материала выдерживать нагрузки при эксплуатации. 620.16 _aЭлектроизмерительная техника. Радиоизмерительная техника. 621.317 _aИспытания материалов. Товароведение. Силовые станции. Общая энергетика. 620 _z 686 ## _aОбщее машиностроение. Машиноведение. 344 _2bbk 700 #1 _aSuleymanova _gNabat 700 #1 _aMustafaeva _gNijar 700 #1 _aGulieva _gHumai 856 4# _azh-szf.ru _u